[Event "23rd EUR-ch"]
[Site "Vrnjacka Banja SRB"]
[Date "2023.03.09"]
[Round "7.228"]
[White "Lazovic, Emilija"]
[Black "Nikanova, Ekaterina"]
[Result "1/2-1/2"]
[WhiteElo "1594"]
[BlackElo "2032"]
[EventDate "2023.03.03"]
[PlyCount "87"]

1.e4 c5 2.Nf3 e6 3.d4 cxd4 4.Nxd4 Nc6 5.Nb5 d6 6.c4 a6 7.N5a3 Nf6 8.Nc3 
Be7 9.Be2 O-O 10.O-O Qc7 11.Be3 b6 12.Qd2 Bb7 13.Rfd1 Ne5 14.f3 Rab8 15.
Rac1 Ng6 16.Na4 Bc6 17.Nc3 Ba8 18.Bf2 Rfd8 19.Qe3 Nd7 20.Bg3 Nf6 21.Bf2 
Qc6 22.Nc2 Qe8 23.Nb4 Bb7 24.Nc2 d5 25.cxd5 Bc5 26.Qg5 exd5 27.exd5 h6 28.
Qf5 Ne7 29.Qe5 Bxf2+ 30.Kxf2 Nexd5 31.Qxe8+ Rxe8 32.Nxd5 Nxd5 33.Bc4 Rbd8 
34.Rd2 b5 35.Bb3 Nf4 36.Rcd1 Rxd2+ 37.Rxd2 Bc8 38.g3 Nh3+ 39.Kg2 Ng5 40.
Kf2 Bb7 41.Nd4 Rd8 42.Ke3 Re8+ 43.Kf2 Rd8 44.Ke3 1/2-1/2

[Event "23rd EUR-ch"]
[Site "Vrnjacka Banja SRB"]
[Date "2023.03.09"]
[Round "7.229"]
[White "Kovac, Mihael"]
[Black "Srdanovic, Jovana"]
[Result "0-1"]
[WhiteElo "1784"]
[BlackElo "2146"]
[EventDate "2023.03.03"]
[PlyCount "37"]

1.e4 c5 2.Nf3 d6 3.d4 cxd4 4.Nxd4 Nf6 5.Nc3 a6 6.Be2 e6 7.Bg5 Be7 8.Qd2 
Nbd7 9.O-O-O Nc5 10.f3 Bd7 11.g4 b5 12.a3 Qb6 13.h4 b4 14.axb4 Qxb4 15.Nb1
Qb7 16.h5 Ncxe4 17.fxe4 Nxe4 18.Qe1 Bxg5+ 19.Nd2 0-1

[Event "23rd EUR-ch"]
[Site "Vrnjacka Banja SRB"]
[Date "2023.03.09"]
[Round "7.230"]
[White "Sertbay, Huseyin"]
[Black "Kanana, Ziad"]
[Result "1-0"]
[WhiteElo "2016"]
[BlackElo "1757"]
[EventDate "2023.03.03"]
[PlyCount "75"]

1.d4 Nf6 2.Nf3 g6 3.c4 Bg7 4.Nc3 O-O 5.Bg5 c5 6.d5 d6 7.e3 e6 8.Nd2 h6 9.
Bh4 exd5 10.cxd5 Re8 11.Be2 Nbd7 12.O-O a6 13.a4 g5 14.Bg3 Ne5 15.Qc2 Qe7 
16.h3 b6 17.f4 Ng6 18.Nc4 gxf4 19.exf4 Rb8 20.Rae1 Qd8 21.f5 Ne5 22.Nxe5 
dxe5 23.Bc4 Qd6 24.Bh4 e4 25.Bxf6 Qxf6 26.Nxe4 Qd4+ 27.Kh1 Bd7 28.f6 Bf8 
29.Ba2 Re5 30.Bb1 Bf5 31.Rxf5 Rxf5 32.Ng3 Qf2 33.Qxf5 Qxf5 34.Nxf5 Rd8 35.
Ne7+ Kh8 36.Re4 h5 37.Rh4 Bxe7 38.fxe7 1-0

[Event "23rd EUR-ch"]
[Site "Vrnjacka Banja SRB"]
[Date "2023.03.09"]
[Round "7.231"]
[White "Gogic, Anastasija"]
[Black "Martinkus, Rolandas"]
[Result "0-1"]
[WhiteElo "1772"]
[BlackElo "1985"]
[EventDate "2023.03.03"]
[PlyCount "88"]

1.e4 g6 2.d4 Bg7 3.Nc3 c6 4.Be3 d5 5.e5 f6 6.exf6 exf6 7.Qf3 Nh6 8.h3 Nf5 
9.O-O-O Nxe3 10.fxe3 f5 11.h4 Be6 12.Nge2 Nd7 13.Nf4 Qf6 14.Be2 h5 15.Rh3 
O-O-O 16.Qg3 Bf7 17.Nfxd5 Bxd5 18.Nxd5 cxd5 19.Rd3 f4 20.Qe1 Kb8 21.Ra3 
Nb6 22.Qa5 Nc8 23.Rf3 Qb6 24.Qxb6 Nxb6 25.Rxf4 Rhf8 26.Rf3 Rxf3 27.gxf3 
Bf6 28.Rd3 Bxh4 29.e4 Bg5+ 30.Kb1 Bf4 31.b3 g5 32.e5 Nc8 33.Rd1 Ne7 34.Rh1
h4 35.Bd3 Rf8 36.c3 Bg3 37.Be2 Ng6 38.Kc2 Nf4 39.Bf1 Kc7 40.c4 Rd8 41.c5 
Rf8 42.Kc3 Be1+ 43.Kc2 Bf2 44.Kc3 Ne6 0-1

[Event "23rd EUR-ch"]
[Site "Vrnjacka Banja SRB"]
[Date "2023.03.09"]
[Round "7.232"]
[White "Bleuzen, Erwan"]
[Black "Kamenov, Valentin"]
[Result "1-0"]
[WhiteElo "1937"]
[BlackElo "1704"]
[EventDate "2023.03.03"]
[PlyCount "75"]

1.d4 Nf6 2.Nf3 d6 3.g3 g6 4.Bg2 Bg7 5.O-O O-O 6.c4 Na6 7.Nc3 c5 8.a3 Rb8 
9.Nb5 Be6 10.b3 d5 11.Bf4 Ra8 12.Ng5 Bd7 13.dxc5 h6 14.Nf3 dxc4 15.bxc4 
Nxc5 16.Ne5 Be6 17.Qxd8 Rfxd8 18.Nc7 Rac8 19.Nxe6 Nxe6 20.Be3 b6 21.Rad1 
Kf8 22.Nc6 Rxd1 23.Rxd1 Rc7 24.a4 Ng4 25.Bf4 Rc8 26.Rd7 Nxf4 27.gxf4 Bc3 
28.h3 Nf6 29.Rxa7 e6 30.e3 Ne8 31.Rb7 Nd6 32.Rxb6 Nxc4 33.Rb5 Nd6 34.Rb3 
Bg7 35.a5 Ke8 36.a6 Kd7 37.a7 Ne8 38.Nb8+ 1-0

[Event "23rd EUR-ch"]
[Site "Vrnjacka Banja SRB"]
[Date "2023.03.09"]
[Round "7.233"]
[White "Lakusic, Zoran"]
[Black "Bozanic, Jovan"]
[Result "0-1"]
[WhiteElo "1641"]
[BlackElo "1934"]
[EventDate "2023.03.03"]
[PlyCount "100"]

1.c4 Nf6 2.Nc3 g6 3.Nf3 Bg7 4.d4 d6 5.g3 O-O 6.Bg2 Nc6 7.O-O Nd7 8.e3 e5 
9.d5 Ne7 10.e4 a5 11.Rb1 Nc5 12.Qc2 f5 13.Ne1 f4 14.a3 a4 15.Nd3 Nb3 16.f3
Bd7 17.Ne2 g5 18.g4 Ng6 19.Bd2 Nh4 20.h3 Qf6 21.Ndc1 Nc5 22.Be1 h5 23.Bxh4
gxh4 24.Kh2 hxg4 25.hxg4 c6 26.Nd3 Nb3 27.Ndc1 cxd5 28.Nxb3 axb3 29.Qxb3 
dxe4 30.Qxb7 exf3 31.Bxf3 Be6 32.Bd5 Rfc8 33.Nc3 Qg6 34.Rf2 Rab8 35.Bxe6+ 
Qxe6 36.Qd5 Qxd5 37.cxd5 Rxc3 38.bxc3 Rxb1 39.g5 Ra1 40.Kh3 Kf7 41.Kxh4 
Rxa3 42.Rb2 Rxc3 43.Rb7+ Kg6 44.Rd7 Bf8 45.Rd8 Kf7 46.g6+ Ke7 47.Ra8 Rc7 
48.Kg5 f3 49.Kf5 f2 50.Ra1 Bg7 0-1

[Event "23rd EUR-ch"]
[Site "Vrnjacka Banja SRB"]
[Date "2023.03.09"]
[Round "7.234"]
[White "Orlovic, Lucie"]
[Black "Valitov, Ilshat"]
[Result "0-1"]
[WhiteElo "1004"]
[BlackElo "1854"]
[EventDate "2023.03.03"]
[PlyCount "44"]

1.e4 d6 2.Nf3 Nf6 3.Nc3 g6 4.h3 Bg7 5.Bc4 O-O 6.O-O c5 7.a3 a6 8.Ng5 b5 9.
Bxf7+ Rxf7 10.Nxf7 Kxf7 11.d3 Nc6 12.Bf4 Be6 13.Re1 Nh5 14.Ne2 Bxb2 15.Rb1
Bxa3 16.Bg5 Qd7 17.g4 Bxg4 18.hxg4 Qxg4+ 19.Kf1 Qxg5 20.Ng1 Nf4 21.Qf3 Nd4
22.Qd1 Qg2# 0-1

[Event "23rd EUR-ch"]
[Site "Vrnjacka Banja SRB"]
[Date "2023.03.09"]
[Round "7.235"]
[White "Popovic, Igor"]
[Black "Alexandri, Dimitra"]
[Result "0-1"]
[WhiteElo "1831"]
[BlackElo "1586"]
[EventDate "2023.03.03"]
[PlyCount "100"]

1.e4 e5 2.Nf3 Nc6 3.Bc4 Nf6 4.d3 Bc5 5.O-O O-O 6.c3 h6 7.Re1 d6 8.Nbd2 a6 
9.Bb3 Ba7 10.Nf1 Ne7 11.Be3 Ng6 12.h3 c6 13.Kh2 Bb8 14.Ng3 Bc7 15.Qc2 Be6 
16.Nf5 d5 17.Rad1 d4 18.Bc1 Qd7 19.N3h4 Nxh4 20.Nxh4 Nh5 21.Qe2 Nf4 22.
Bxf4 exf4 23.f3 Rfe8 24.Qf2 dxc3 25.bxc3 Bxb3 26.axb3 g6 27.e5 g5 28.d4 
gxh4 29.Qxh4 Qf5 30.Qxh6 Re6 31.Qh4 Bd8 32.Qf2 Rh6 33.Re4 Bh4 34.Qe2 Bg3+ 
35.Kg1 Kh8 36.c4 Rg8 37.Kf1 Rhg6 38.Qc2 Bh4 39.Rd2 Rg3 40.d5 Rxf3+ 41.gxf3
Qxh3+ 42.Ke2 Rg2+ 43.Kd3 Qxf3+ 44.Kd4 Rxd2+ 45.Qxd2 Bf2+ 46.Qxf2 Qxf2+ 47.
Kd3 Qf3+ 48.Kd4 c5+ 49.Kxc5 Qxe4 50.Kd6 f3 0-1

[Event "23rd EUR-ch"]
[Site "Vrnjacka Banja SRB"]
[Date "2023.03.09"]
[Round "7.236"]
[White "Modric, Milos"]
[Black "Nikolovski, David"]
[Result "1-0"]
[WhiteElo "2002"]
[BlackElo "1860"]
[EventDate "2023.03.03"]
[PlyCount "75"]

1.e4 c5 2.c3 Nf6 3.e5 Nd5 4.Nf3 d6 5.d4 cxd4 6.exd6 Qxd6 7.Nxd4 a6 8.Nd2 
e6 9.Nc4 Qc7 10.Be2 Be7 11.O-O O-O 12.a4 Nd7 13.Re1 b6 14.Ne3 Bb7 15.Nxd5 
Bxd5 16.Bf3 Bxf3 17.Qxf3 Nf6 18.Bf4 Bd6 19.Bxd6 Qxd6 20.Red1 Qd5 21.Qxd5 
Nxd5 22.Nc6 Rfe8 23.c4 Nf6 24.b4 Kf8 25.a5 Rec8 26.Ne5 bxa5 27.Rxa5 Rcb8 
28.Rb1 Ne4 29.Nd7+ Ke7 30.Nxb8 Rxb8 31.Rxa6 Nd2 32.Ra7+ Kf6 33.Rc1 Rxb4 
34.Rc7 e5 35.f3 Ke6 36.c5 e4 37.fxe4 Nxe4 38.c6 1-0

[Event "23rd EUR-ch"]
[Site "Vrnjacka Banja SRB"]
[Date "2023.03.09"]
[Round "7.237"]
[White "Mladenovic, Milan"]
[Black "Tadic, Katarina"]
[Result "0-1"]
[WhiteElo "1787"]
[BlackElo "1919"]
[EventDate "2023.03.03"]
[PlyCount "62"]

1.e4 c5 2.Nf3 d6 3.d4 cxd4 4.Nxd4 Nf6 5.Nc3 a6 6.Bg5 e6 7.f4 Nbd7 8.Qf3 
Qc7 9.O-O-O b5 10.a3 Bb7 11.g4 Rc8 12.Bg2 Be7 13.Kb1 Nb6 14.Rhe1 O-O 15.
Bxf6 Bxf6 16.g5 Bxd4 17.Rxd4 Nc4 18.Rd3 Qb6 19.Qh5 g6 20.Qh6 f6 21.gxf6 
Rxf6 22.e5 Rf5 23.Bxb7 Qxb7 24.exd6 Rh5 25.d7 Rd8 26.Rxe6 Kf7 27.Qxh5 gxh5
28.Ne4 Rxd7 29.Ng5+ Kg7 30.Rh3 Qh1+ 31.Ka2 Qc1 0-1

[Event "23rd EUR-ch"]
[Site "Vrnjacka Banja SRB"]
[Date "2023.03.09"]
[Round "7.238"]
[White "Hlebec, Darko"]
[Black "Tadic, Ana"]
[Result "1/2-1/2"]
[WhiteElo "1900"]
[BlackElo "1817"]
[EventDate "2023.03.03"]
[PlyCount "80"]

1.e4 e5 2.Nf3 Nc6 3.Bb5 a6 4.Bxc6 dxc6 5.d4 exd4 6.Qxd4 Qxd4 7.Nxd4 Bd6 8.
Be3 Bd7 9.Nc3 Ne7 10.Rd1 O-O 11.f3 Rfe8 12.Kf2 Rad8 13.g3 c5 14.Nde2 f5 
15.Bf4 Bxf4 16.Nxf4 fxe4 17.Nxe4 b6 18.Nd5 Nxd5 19.Rxd5 Bc6 20.Rxd8 Rxd8 
21.Re1 Bxe4 22.Rxe4 Rd2+ 23.Re2 Rd7 24.Ke1 Kf7 25.Re4 Rd4 26.Ke2 Rxe4+ 27.
fxe4 Ke6 28.h4 Ke5 29.Ke3 g6 30.c4 c6 31.b3 h6 32.Kd3 g5 33.Ke3 g4 34.Kd3 
b5 35.a4 bxa4 36.bxa4 h5 37.a5 Ke6 38.Kd2 Kd6 39.Ke2 Ke6 40.Kf2 Kf6 
1/2-1/2

[Event "23rd EUR-ch"]
[Site "Vrnjacka Banja SRB"]
[Date "2023.03.09"]
[Round "7.239"]
[White "Dimitrijevic, Andjela"]
[Black "Orlovic, Isa"]
[Result "1-0"]
[WhiteElo "1863"]
[BlackElo "1752"]
[EventDate "2023.03.03"]
[PlyCount "73"]

1.e4 c5 2.Nf3 Nc6 3.Bb5 e6 4.Bxc6 bxc6 5.d3 Rb8 6.O-O Ba6 7.c4 Ne7 8.Nc3 
Qc7 9.Na4 Ng6 10.Be3 d6 11.b3 e5 12.Nc3 Be7 13.Ne2 Bc8 14.h3 O-O 15.g4 Re8
16.Qd2 Nf8 17.Ng3 Ne6 18.Nf5 Bf8 19.Kg2 Rd8 20.Ng5 d5 21.Nxe6 Bxe6 22.Qe2 
f6 23.Rac1 Qf7 24.cxd5 cxd5 25.Bxc5 Qb7 26.Bxf8 Kxf8 27.Qf3 Qa6 28.Rc7 
dxe4 29.dxe4 Rd3 30.Ne3 Qxa2 31.g5 f5 32.Qh5 Rd7 33.Rxd7 Bxd7 34.Rd1 Be6 
35.Qxh7 fxe4 36.Qh8+ Bg8 37.Nf5 1-0

[Event "23rd EUR-ch"]
[Site "Vrnjacka Banja SRB"]
[Date "2023.03.10"]
[Round "8.3"]
[White "Gelfand, Boris"]
[Black "Nguyen Thai Dai Van"]
[Result "1/2-1/2"]
[WhiteElo "2674"]
[BlackElo "2651"]
[EventDate "2023.03.03"]
[PlyCount "30"]

1.d4 Nf6 2.c4 e6 3.Nf3 d5 4.g3 dxc4 5.Bg2 Nbd7 6.O-O c6 7.a4 a5 8.Qc2 b5 
9.Nfd2 Nd5 10.axb5 cxb5 11.Nc3 Rb8 12.Bxd5 exd5 13.Nxd5 Nf6 14.Nxf6+ Qxf6 
15.Rxa5 Be7 1/2-1/2

[Event "23rd EUR-ch"]
[Site "Vrnjacka Banja SRB"]
[Date "2023.03.10"]
[Round "8.4"]
[White "Sarana, Alexei"]
[Black "Kuzubov, Yuriy"]
[Result "1-0"]
[WhiteElo "2668"]
[BlackElo "2616"]
[EventDate "2023.03.03"]
[PlyCount "123"]

1.d4 Nf6 2.c4 e6 3.Nf3 d5 4.Nc3 Bb4 5.Qa4+ Nc6 6.Bd2 O-O 7.a3 Bxc3 8.Bxc3 
a5 9.e3 Bd7 10.Qc2 a4 11.Bd3 Na5 12.cxd5 exd5 13.Ne5 Nb3 14.Rd1 Be6 15.f3 
c5 16.dxc5 Nxc5 17.Qf2 Nfd7 18.Bc2 Nxe5 19.Bxe5 f6 20.Bc3 Bf7 21.Qh4 h6 
22.Qf4 Qe7 23.Kf2 Rfe8 24.Rhe1 Ne6 25.Qf5 Nf8 26.Rd4 b5 27.Bd3 Rab8 28.Rb4
Be6 29.Qh5 Qd7 30.h3 Rec8 31.Rd1 Bf7 32.Qg4 Qxg4 33.hxg4 Rc4 34.Rxc4 dxc4 
35.Be4 Ne6 36.Bb4 Ng5 37.Bf5 Be6 38.f4 Bxf5 39.gxf5 Nf7 40.Rd5 h5 41.e4 
Nh6 42.Kf3 Kf7 43.Rd7+ Kg8 44.Bc3 Kf8 45.Ke3 Ke8 46.Rxg7 Rd8 47.Ke2 Rd3 
48.Bxf6 Ng4 49.Re7+ Kf8 50.Re6 Re3+ 51.Kf1 Nh2+ 52.Kg1 Ng4 53.Bc3 Re2 54.
e5 Rc2 55.g3 Ne3 56.Rg6 Rg2+ 57.Kh1 Rf2 58.Bb4+ Ke8 59.e6 Kd8 60.e7+ Kd7 
61.Rd6+ Kc7 62.e8=Q 1-0

[Event "23rd EUR-ch"]
[Site "Vrnjacka Banja SRB"]
[Date "2023.03.10"]
[Round "8.5"]
[White "Shevchenko, Kirill"]
[Black "Abasov, Nijat"]
[Result "1/2-1/2"]
[WhiteElo "2668"]
[BlackElo "2625"]
[EventDate "2023.03.03"]
[PlyCount "124"]

1.Nf3 Nf6 2.g3 c5 3.Bg2 Nc6 4.O-O d5 5.d4 e6 6.c4 dxc4 7.dxc5 Qxd1 8.Rxd1 
Bxc5 9.Nbd2 c3 10.bxc3 O-O 11.Nb3 Be7 12.Nfd4 Bd7 13.Bg5 Rfd8 14.Nxc6 Bxc6
15.Bxc6 bxc6 16.c4 h6 17.Rxd8+ Rxd8 18.Be3 Ne4 19.Bxa7 Bf6 20.Bb6 Ra8 21.
Bd4 Bxd4 22.Nxd4 Ra4 23.Nxc6 Rxc4 24.Ne5 Ra4 25.a3 Nc3 26.Kf1 g5 27.h3 Kg7
28.e3 Kg8 29.Kg2 Kg7 30.g4 Kg8 31.Kg3 Ne4+ 32.Kf3 Nc3 33.Nd7 Nb5 34.Rb1 
Nxa3 35.Nf6+ Kg7 36.Nh5+ Kf8 37.Rb8+ Ke7 38.Rh8 Nc4 39.Rxh6 Ne5+ 40.Kg3 
Ng6 41.f4 gxf4+ 42.Nxf4 Nxf4 43.exf4 Ra3+ 44.Kh4 Ra4 45.Kg3 Ra3+ 46.Kh4 
Ra4 47.Kg5 Ra5+ 48.f5 exf5 49.gxf5 Kf8 50.Rd6 Kg7 51.Rd7 Ra6 52.h4 Rb6 53.
Rd4 Ra6 54.Rg4 Rb6 55.Rc4 Ra6 56.Kf4 Ra1 57.Rd4 Kf6 58.Rd6+ Kg7 59.h5 Rf1+
60.Ke5 Re1+ 61.Kd5 Rd1+ 62.Kc6 Rh1 1/2-1/2

[Event "23rd EUR-ch"]
[Site "Vrnjacka Banja SRB"]
[Date "2023.03.10"]
[Round "8.6"]
[White "Kourkoulos-Arditis, Stamatis"]
[Black "Bacrot, Etienne"]
[Result "1/2-1/2"]
[WhiteElo "2520"]
[BlackElo "2659"]
[EventDate "2023.03.03"]
[PlyCount "51"]

1.e4 e6 2.d4 d5 3.Nc3 Nf6 4.Bg5 dxe4 5.Nxe4 Be7 6.Bxf6 gxf6 7.Nf3 f5 8.Nc3
a6 9.g3 b5 10.Bg2 Bb7 11.O-O O-O 12.Ne5 Bxg2 13.Kxg2 Ra7 14.Re1 Bf6 15.Qd3
c5 16.d5 Qd6 17.f4 b4 18.Nd1 Qxd5+ 19.Qxd5 exd5 20.Ne3 Bxe5 21.fxe5 Rd7 
22.Rad1 d4 23.Nxf5 Nc6 24.Nh6+ Kg7 25.Nf5+ Kg8 26.Nh6+ 1/2-1/2

[Event "23rd EUR-ch"]
[Site "Vrnjacka Banja SRB"]
[Date "2023.03.10"]
[Round "8.7"]
[White "Ponomariov, Ruslan"]
[Black "Svane, Frederik"]
[Result "1/2-1/2"]
[WhiteElo "2655"]
[BlackElo "2577"]
[EventDate "2023.03.03"]
[PlyCount "29"]

1.Nf3 d5 2.e3 Nf6 3.c4 e6 4.b3 Bd6 5.Bb2 O-O 6.g3 Re8 7.d4 dxc4 8.bxc4 b6 
9.Bg2 Bb7 10.O-O c5 11.Nc3 cxd4 12.exd4 Nbd7 13.Rc1 Rc8 14.Qb3 a6 15.Rfd1 
1/2-1/2

[Event "23rd EUR-ch"]
[Site "Vrnjacka Banja SRB"]
[Date "2023.03.10"]
[Round "8.8"]
[White "Sargissian, Gabriel"]
[Black "Bernadskiy, Vitaliy"]
[Result "1/2-1/2"]
[WhiteElo "2699"]
[BlackElo "2611"]
[EventDate "2023.03.03"]
[PlyCount "110"]

1.Nf3 c5 2.c4 Nc6 3.Nc3 e5 4.e3 f5 5.d4 e4 6.d5 exf3 7.dxc6 dxc6 8.Qxd8+ 
Kxd8 9.gxf3 Be6 10.b3 Nf6 11.Bb2 Ke8 12.Ne2 Kf7 13.O-O-O Be7 14.Nf4 Rhd8 
15.h4 Rxd1+ 16.Kxd1 Bd6 17.Nxe6 Kxe6 18.h5 Be5 19.Bc1 g5 20.hxg6 hxg6 21.
Bd3 Ng8 22.f4 Bf6 23.Ba3 b6 24.b4 cxb4 25.Bxb4 c5 26.Bd2 Ne7 27.Be2 Rh8 
28.Rxh8 Bxh8 29.Bf3 Bf6 30.Bb7 Kd6 31.Kc2 Kc7 32.Ba6 Nc6 33.a3 Bh4 34.f3 
Bf6 35.Bb5 Kd6 36.Be1 Bg7 37.Bc3 Bxc3 38.Kxc3 Ne7 39.Kd3 Ke6 40.Be8 Kf6 
41.e4 fxe4+ 42.fxe4 g5 43.Ke3 gxf4+ 44.Kxf4 Ke6 45.e5 b5 46.cxb5 Nd5+ 47.
Ke4 Nc3+ 48.Kd3 Na4 49.Kc4 Kxe5 50.b6 Nxb6+ 51.Kxc5 Ke6 52.Bb5 Ke7 53.Kc6 
Kd8 54.Kb7 Nd5 55.Kxa7 Kc7 1/2-1/2

[Event "23rd EUR-ch"]
[Site "Vrnjacka Banja SRB"]
[Date "2023.03.10"]
[Round "8.9"]
[White "Kadric, Denis"]
[Black "Martirosian, Haik M."]
[Result "1/2-1/2"]
[WhiteElo "2583"]
[BlackElo "2686"]
[EventDate "2023.03.03"]
[PlyCount "45"]

1.e4 e5 2.Nf3 Nc6 3.Bc4 Bc5 4.O-O Nf6 5.d3 d6 6.c3 h6 7.Re1 O-O 8.Nbd2 a5 
9.Nf1 a4 10.Bb5 a3 11.b4 Bb6 12.Ng3 Ne7 13.d4 Ng6 14.Be3 c6 15.Bf1 Re8 16.
h3 exd4 17.Bxd4 c5 18.bxc5 dxc5 19.Bxf6 Qxf6 20.e5 Nxe5 21.Nh5 Qf5 22.Ng3 
Qf6 23.Nh5 1/2-1/2

[Event "23rd EUR-ch"]
[Site "Vrnjacka Banja SRB"]
[Date "2023.03.10"]
[Round "8.11"]
[White "Moussard, Jules"]
[Black "Lupulescu, Constantin"]
[Result "1/2-1/2"]
[WhiteElo "2684"]
[BlackElo "2580"]
[EventDate "2023.03.03"]
[PlyCount "119"]

1.e4 c5 2.Nf3 e6 3.d4 cxd4 4.Nxd4 Nf6 5.Nc3 Nc6 6.Nxc6 bxc6 7.e5 Nd5 8.Ne4
Bb7 9.Bd3 Qc7 10.f4 c5 11.c4 Nb4 12.Bb1 Nc6 13.O-O a5 14.Be3 Nd4 15.Nc3 
Be7 16.Be4 Bxe4 17.Nxe4 Nf5 18.Bf2 Rb8 19.g4 Qc6 20.Qf3 Nd4 21.Bxd4 cxd4 
22.b3 O-O 23.Rad1 a4 24.Kg2 axb3 25.axb3 Qb6 26.Rd3 f6 27.exf6 Bxf6 28.Ng3
Ra8 29.Qe4 g6 30.f5 gxf5 31.gxf5 Rae8 32.fxe6 Qxe6 33.Qxe6+ Rxe6 34.Rf5 
Ra8 35.Nh5 Be5 36.h3 d6 37.Nf4 Re7 38.Kf3 Ra1 39.Rg5+ Kf8 40.Ne2 Bf6 41.
Rg1 Ra2 42.Nxd4 Bxd4 43.Rxd4 Rb2 44.Rd3 Rb7 45.Rxd6 R2xb3+ 46.Ke4 Rc7 47.
Rf1+ Ke7 48.Rh6 Rxc4+ 49.Kd5 Rcc3 50.Rxh7+ Ke8 51.Rh8+ Ke7 52.Rh7+ Ke8 53.
h4 Rf3 54.Rc1 Rbc3 55.Rxc3 Rxc3 56.Ke6 Rc6+ 57.Kf5 Kf8 58.h5 Rc5+ 59.Kf6 
Rc6+ 60.Kf5 1/2-1/2

[Event "23rd EUR-ch"]
[Site "Vrnjacka Banja SRB"]
[Date "2023.03.10"]
[Round "8.12"]
[White "Laurusas, Tomas"]
[Black "Esipenko, Andrei"]
[Result "0-1"]
[WhiteElo "2571"]
[BlackElo "2680"]
[EventDate "2023.03.03"]
[PlyCount "66"]

1.d4 Nf6 2.c4 e6 3.Nf3 d5 4.Nc3 c6 5.e3 Nbd7 6.Qc2 Bd6 7.b3 O-O 8.Be2 b6 
9.O-O Bb7 10.Bb2 Qe7 11.Rad1 Rad8 12.Rfe1 Rfe8 13.Bf1 c5 14.cxd5 exd5 15.
g3 Rc8 16.Bh3 cxd4 17.Nxd4 Bb4 18.Bg2 Ne4 19.Ndb5 Rc5 20.Bxe4 dxe4 21.Nd6 
Ne5 22.Nxe8 Qxe8 23.a3 Bxc3 24.Bxc3 Qc8 25.Qb2 Nf3+ 26.Kg2 Rh5 27.h4 Nxh4+
28.gxh4 Rxh4 29.Rd8+ Qxd8 30.Be5 Qd7 31.Rh1 Qg4+ 32.Bg3 Qf3+ 33.Kg1 Rxh1# 
0-1

[Event "23rd EUR-ch"]
[Site "Vrnjacka Banja SRB"]
[Date "2023.03.10"]
[Round "8.13"]
[White "Dragnev, Valentin"]
[Black "Ivanchuk, Vasyl"]
[Result "1-0"]
[WhiteElo "2561"]
[BlackElo "2664"]
[EventDate "2023.03.03"]
[PlyCount "109"]

1.e4 c5 2.Nf3 d6 3.d4 cxd4 4.Nxd4 Nf6 5.Nc3 a6 6.Be3 e5 7.Nf3 Qc7 8.Be2 
Be7 9.a4 Be6 10.O-O Nbd7 11.Ng5 Bc4 12.a5 O-O 13.Bxc4 Qxc4 14.Ra4 Qc6 15.
Nf3 Rac8 16.Qd3 Rfd8 17.Rd1 h6 18.h3 Nf8 19.Nh4 Qd7 20.b3 Ne6 21.Nf5 Bf8 
22.Nd5 Nxd5 23.exd5 Nc5 24.Bxc5 Rxc5 25.Re1 g6 26.Rg4 Re8 27.Re3 Rcc8 28.
Ng3 Bg7 29.Ne2 h5 30.Ra4 f5 31.Qd1 Bh6 32.Rg3 Kh7 33.c4 Rc5 34.Ra2 Qd8 35.
Qe1 h4 36.Rd3 e4 37.Rd1 e3 38.f3 b5 39.axb6 Qxb6 40.Ra3 Bg5 41.Rda1 Bf6 
42.Rxa6 Qxb3 43.Rxd6 Bxa1 44.Qxa1 Rc7 45.Qf6 Rg7 46.Qxh4+ Kg8 47.Rd8 Rxd8 
48.Qxd8+ Kh7 49.Qh4+ Kg8 50.Qd8+ Kh7 51.Qh4+ Kg8 52.Kh2 Qd1 53.Qd8+ Kh7 
54.Qf6 Qb3 55.Qd4 1-0

[Event "23rd EUR-ch"]
[Site "Vrnjacka Banja SRB"]
[Date "2023.03.10"]
[Round "8.14"]
[White "Cheparinov, Ivan"]
[Black "Parligras, Mircea-Emilian"]
[Result "1-0"]
[WhiteElo "2661"]
[BlackElo "2554"]
[EventDate "2023.03.03"]
[PlyCount "115"]

1.Nf3 d5 2.g3 Bg4 3.Bg2 e6 4.h3 Bh5 5.O-O Nf6 6.d3 Be7 7.c4 c6 8.Qb3 Qc8 
9.g4 Bg6 10.cxd5 cxd5 11.Bf4 Nc6 12.Nc3 O-O 13.Rac1 Qd7 14.e4 dxe4 15.dxe4
Nxe4 16.Rfd1 Qc8 17.Nxe4 Bxe4 18.Ne5 Bxg2 19.Kxg2 Rd8 20.Rxd8+ Bxd8 21.Qf3
Bf6 22.Nxc6 bxc6 23.b4 Bd4 24.Qxc6 Qxc6+ 25.Rxc6 Kf8 26.Bd6+ Kg8 27.a4 h5 
28.b5 hxg4 29.hxg4 Bb6 30.Bb4 Rb8 31.f4 f5 32.Rxe6 fxg4 33.Kg3 Rd8 34.a5 
Bg1 35.Kxg4 Rb8 36.Re5 Rc8 37.Bd2 Rc2 38.Be3 Bxe3 39.Rxe3 Rb2 40.Re8+ Kh7 
41.Rb8 Ra2 42.a6 Kg6 43.f5+ Kf6 44.Rf8+ Ke5 45.Rf7 Rg2+ 46.Kh5 Kf4 47.Rxa7
Rg5+ 48.Kh4 Rxf5 49.Rxg7 Rxb5 50.Rg4+ Ke3 51.Ra4 Rb8 52.a7 Ra8 53.Kg5 Kd3 
54.Kf5 Kc3 55.Ke6 Kb3 56.Ra1 Kb4 57.Kd6 Kb5 58.Kc7 1-0

[Event "23rd EUR-ch"]
[Site "Vrnjacka Banja SRB"]
[Date "2023.03.10"]
[Round "8.15"]
[White "Grandelius, Nils"]
[Black "Sychev, Klementy"]
[Result "1-0"]
[WhiteElo "2658"]
[BlackElo "2549"]
[EventDate "2023.03.03"]
[PlyCount "55"]

1.e4 e5 2.Nf3 Nf6 3.d4 Nxe4 4.Bd3 d5 5.Nxe5 Nd7 6.Nc3 Nxc3 7.bxc3 Bd6 8.
O-O O-O 9.Bf4 Bxe5 10.dxe5 Nc5 11.Be3 Nxd3 12.cxd3 Bf5 13.h3 d4 14.Bxd4 
Qd5 15.Re1 b6 16.f3 c5 17.Bf2 Bxd3 18.Qd2 Rad8 19.Rad1 Bc4 20.Qc2 Qe6 21.
Qa4 Bxa2 22.Rd6 Bb3 23.Qa3 Qc4 24.Re4 Qb5 25.Qxa7 Rb8 26.Rg4 Qe8 27.Rxb6 
Qxe5 28.Re4 1-0

[Event "23rd EUR-ch"]
[Site "Vrnjacka Banja SRB"]
[Date "2023.03.10"]
[Round "8.16"]
[White "Gumularz, Szymon"]
[Black "Indjic, Aleksandar"]
[Result "1-0"]
[WhiteElo "2558"]
[BlackElo "2636"]
[EventDate "2023.03.03"]
[PlyCount "127"]

1.Nf3 Nf6 2.c4 e6 3.b3 b6 4.g3 Bb7 5.Bg2 c5 6.Bb2 Be7 7.O-O O-O 8.d4 cxd4 
9.Qxd4 d6 10.Nc3 a6 11.Rfd1 Nbd7 12.Rac1 Qc7 13.e4 Rad8 14.h3 Rfe8 15.Nh2 
h5 16.Nf3 Qb8 17.Ng5 Bf8 18.Re1 Rc8 19.Qd1 Bc6 20.Ne2 g6 21.Nd4 Ba8 22.
Ndf3 e5 23.Bf1 Nc5 24.Qc2 Qb7 25.Bg2 b5 26.Qb1 Qb6 27.cxb5 axb5 28.Rcd1 
Qa7 29.Bc1 Qb7 30.Nh2 Rc7 31.Nf1 Qa6 32.Ne3 Ncd7 33.Bf1 Qb7 34.Nd5 Rc5 35.
b4 Rcc8 36.Qb3 Nxd5 37.Rxd5 Nf6 38.Rxb5 Qd7 39.Bc4 Re7 40.Ra5 Qc7 41.Bd3 
Bb7 42.Be3 h4 43.g4 Rd7 44.Bb5 Re7 45.Ba6 Rb8 46.Rc1 Qd8 47.Bc4 d5 48.exd5
Ne8 49.Ne4 Rd7 50.Ra7 Nd6 51.Bg5 Be7 52.Bxe7 Qxe7 53.Nxd6 Qxd6 54.Bb5 Re7 
55.Bc6 e4 56.Rxb7 Rbxb7 57.Bxb7 e3 58.Qb2 exf2+ 59.Qxf2 Qxb4 60.Bc6 Qa3 
61.Rf1 Qxh3 62.Qf3 Qxf3 63.Rxf3 Re4 64.g5 1-0

[Event "23rd EUR-ch"]
[Site "Vrnjacka Banja SRB"]
[Date "2023.03.10"]
[Round "8.17"]
[White "Azarov, Sergei"]
[Black "Petrosian, Manuel"]
[Result "1/2-1/2"]
[WhiteElo "2559"]
[BlackElo "2634"]
[EventDate "2023.03.03"]
[PlyCount "48"]

1.e4 e5 2.Nf3 Nc6 3.d4 exd4 4.Bc4 Bc5 5.Ng5 Nh6 6.Nxf7 Nxf7 7.Bxf7+ Kxf7 
8.Qh5+ g6 9.Qxc5 d5 10.O-O dxe4 11.c3 Qd6 12.Qxd6 cxd6 13.cxd4 Nxd4 14.Nc3
Bg4 15.Nxe4 Nc2 16.Nxd6+ Ke6 17.Bf4 Nxa1 18.Rxa1 Rhf8 19.Bg3 b6 20.h3 Bf5 
21.Re1+ Kd7 22.Rd1 Ke6 23.Re1+ Kd7 24.Rd1 Ke6 1/2-1/2

[Event "23rd EUR-ch"]
[Site "Vrnjacka Banja SRB"]
[Date "2023.03.10"]
[Round "8.18"]
[White "Sargsian, Shant"]
[Black "Murzin, Volodar"]
[Result "1/2-1/2"]
[WhiteElo "2630"]
[BlackElo "2554"]
[EventDate "2023.03.03"]
[PlyCount "61"]

1.d4 d5 2.c4 c6 3.Nf3 Nf6 4.Nc3 e6 5.g3 Nbd7 6.Bg2 Be7 7.O-O O-O 8.Qd3 b6 
9.e4 Ba6 10.b3 dxc4 11.bxc4 e5 12.Ne2 Bd6 13.Qc2 Qc7 14.Bb2 Rfe8 15.Rad1 
exd4 16.Nexd4 Nxe4 17.Nf5 Bf8 18.N3d4 Ndf6 19.Rde1 Nd6 20.Nxd6 Rxe1 21.
Rxe1 Qxd6 22.Nxc6 Rc8 23.Rd1 Qe6 24.Bxf6 Rxc6 25.Bxc6 Qxc6 26.Bb2 Bb7 27.
Rd5 Qe6 28.Qd1 Qe4 29.f3 Qe3+ 30.Kg2 Bxd5 31.cxd5 1/2-1/2

[Event "23rd EUR-ch"]
[Site "Vrnjacka Banja SRB"]
[Date "2023.03.10"]
[Round "8.19"]
[White "Svane, Rasmus"]
[Black "Boruchovsky, Avital"]
[Result "1-0"]
[WhiteElo "2620"]
[BlackElo "2536"]
[EventDate "2023.03.03"]
[PlyCount "61"]

1.d4 Nf6 2.Nf3 e6 3.c4 d5 4.Nc3 c6 5.Bg5 h6 6.Bh4 dxc4 7.e4 g5 8.Bg3 b5 9.
Be2 Bb7 10.O-O a6 11.Ne5 Nbd7 12.f4 gxf4 13.Bxf4 Rh7 14.Qc2 Qb6 15.Rad1 
O-O-O 16.Nxc4 bxc4 17.e5 c5 18.exf6 Nxf6 19.Na4 Qa7 20.Be5 Rg7 21.Bf3 Nd5 
22.Bxg7 Bxg7 23.dxc5 Bc6 24.Nb6+ Nxb6 25.Bxc6 Rxd1 26.Rxd1 Bf8 27.cxb6 
Qxb6+ 28.Kf1 Qxc6 29.Rd4 Qb6 30.Qxc4+ Kb8 31.Rd3 1-0

[Event "23rd EUR-ch"]
[Site "Vrnjacka Banja SRB"]
[Date "2023.03.10"]
[Round "8.20"]
[White "Kacharava, Nikolozi"]
[Black "Vocaturo, Daniele"]
[Result "0-1"]
[WhiteElo "2531"]
[BlackElo "2619"]
[EventDate "2023.03.03"]
[PlyCount "100"]

1.e4 e5 2.Nf3 Nc6 3.Bc4 Bc5 4.O-O Nf6 5.d3 d6 6.c3 a5 7.Re1 Ba7 8.a4 Be6 
9.Na3 O-O 10.h3 h6 11.Be3 Bxe3 12.Rxe3 Bxc4 13.Nxc4 Re8 14.Qb3 b6 15.Rae1 
Ne7 16.Nh4 Qd7 17.Kh2 Kh7 18.Nd2 Nc6 19.Rf3 Qe6 20.Qc2 g6 21.g3 Rad8 22.
Ng2 d5 23.Rfe3 d4 24.R3e2 Qd7 25.f4 Re6 26.c4 Nb4 27.Qb1 Qxa4 28.fxe5 Nd7 
29.Nf4 Ree8 30.Nd5 Nxe5 31.Nf6+ Kg7 32.Nxe8+ Qxe8 33.Rf1 Nbxd3 34.b3 Qe7 
35.Nf3 Nxf3+ 36.Rxf3 Ne5 37.Rf1 d3 38.Rd2 Qc5 39.Qa1 Qd4 40.Qe1 Rd7 41.g4 
a4 42.Qb1 axb3 43.Qxb3 Nxc4 44.Rdf2 d2 45.Qf3 Qd6+ 46.e5 Nxe5 47.Qc3 Kg8 
48.Kg2 d1=Q 49.Rxd1 Qxd1 50.Qxe5 Qd5+ 0-1